Преплетените истории на Балканите (Запис номер 178172)
[ съкратено ]
| 000 -Лидер | |
|---|---|
| Контролно поле с фиксирана дължина | 02123nam a2200409 c 4500 |
| 003 - Код на организацията, давaща контролен номер | |
| Контролно поле | BLK |
| 005 - Дата и час на последна редакция | |
| Контролно поле | 20180422114926.0 |
| 008 - Елементи от данни с фиксирана дължина | |
| fixed length control field | 180411b bul|||||r ||||||| ||bul|| |
| 010 ## - Наследен системен номер | |
| LC control number | KNG00186873000 |
| 020 ## - Международен стандартен номер на книга ISBN | |
| Международен стандартен номер на книга ISBN | 978-954-535-793-0 |
| -- | издат.: Нов бълг. унив. - на том(т. 1) |
| 040 ## - Източник на каталожния запис | |
| Идентификатор на билиотеката - собственик на записа | BLK |
| 041 ## - Код за език | |
| Код за езика на текст/звукозапис или на отделно заглавие | Български |
| Код за езика КДБФ | Български |
| 072 #7 - Код за тематичната категория | |
| Код организация | bullib |
| Код за тематична категория | Н92 |
| Текст | История Н |
| 080 ## - УДК | |
| Текстов определител УДК | История на балканските държави |
| УДК код - определител по УДК | 94(497) |
| УДК определител | (062.2) |
| УДК - код + определител | 94(497)(062.2) |
| 080 ## - УДК | |
| Текстов определител УДК | История на цивилизацията. История на културата |
| УДК код - определител по УДК | 930.85 |
| УДК определител | (497)(062.2) |
| УДК - код + определител | 930.85(497)(062.2) |
| 139 ## - Редно поле | |
| Редна дума | Преплетените истории на Балканите |
| Авторски знак | Пред - П 86 |
| 245 10 - Сведения за заглавието | |
| Заглавие | Преплетените истории на Балканите |
| Подзаглавни данни | Т. 1 - |
| Редно поле (дума) | състав. и отг. ред. на том Румен Дончев Даскалов; състав. и отг. ред. на том Чавдар Ивайлов Маринов. |
| Том | Т. 1 |
| Заглавие на том | Национални идеологии и езикови политики |
| 257 ## - Страна на издаване | |
| Страна на създаване/издаване | България |
| 260 ## - Област на издателските данни | |
| -- | София |
| Година на издаване | 2013 - |
| Печатница | София : Планета 3 |
| 300 ## - Физическа характеристика | |
| Размери/Мащаб | 24 см |
| 380 ## - Жанр | |
| Жанр | История |
| 500 ## - Общи забележки | |
| Забележка | Ориг. загл.: Entangled histories of the Balkans |
| 650 #4 - Допълнително описание по предмет – тема | |
| Основно описание – тема или топоним | Балкански полуостров |
| 9 (RLIN) | 178567 |
| 651 #4 - Допълнително описание по предмет - топоним | |
| Географско понятие | Балкански полуостров |
| 9 (RLIN) | 178567 |
| 653 ## - Ключова дума – ненормативна | |
| Ключова дума | история |
| 653 ## - Ключова дума – ненормативна | |
| Ключова дума | национализъм |
| 653 ## - Ключова дума – ненормативна | |
| Ключова дума | езикова политика |
| 659 ## - Тематичен бюлетин | |
| Тематичен бюлетин | Н |
| 700 1# - Други автори (авторска отговорност) | |
| Лично име | Даскалов, Румен Дончев |
| Автороска отговорност (Описва отношението между автора и произведението) | състав. и отг. ред. на том |
| 9 (RLIN) | 365551 |
| 700 1# - Други автори (авторска отговорност) | |
| Лично име | Маринов, Чавдар Ивайлов |
| Автороска отговорност (Описва отношението между автора и произведението) | състав. и отг. ред. на том |
| 9 (RLIN) | 341286 |
| 760 1# - Описание на основната серия | |
| -- | - на том(т. 1) |
| Място на издаване, издател и година | Нов бълг. унив., 2013 |
| Страници - том | 520 с. |
| Забележка - том | Биогр. данни за авт. |
| Заглавие | Т. 1 Национални идеологии и езикови политики |
| 852 ## - Местоположение | |
| Форматна сигнатура | Цб 279785 |
| 856 4# - Електронен адрес и достъп | |
| Електронен формат | pdf - файл |
| Път до файла /url/ | |
| 856 4# - Електронен адрес и достъп | |
| Електронен формат | pdf - файл |
| Път до файла /url/ | |
| 942 ## - АРТИКУЛИ | |
| Вид на библиотечния материал | Книги |
| Скрит в OPAC | Не |
| 944 ## - СЪЗДАВАНЕ И РЕДАКЦИЯ на ЗАПИСА | |
| Създаване/Редакция | Създаване |
| Дата на регистрацията/редакция | 07.03.2016 |
| Служител, извършил регистрацията/редакцията | Виолета_Тройчева |
| 944 ## - СЪЗДАВАНЕ И РЕДАКЦИЯ на ЗАПИСА | |
| Създаване/Редакция | Редакция |
| Дата на регистрацията/редакция | 01.06.2016 |
| Служител, извършил регистрацията/редакцията | Пенка_Димитрова |
| 999 ## - СИСТЕМНИ КОНТРОЛНИ НОМЕРА | |
| Koha biblionumber | 178172 |
| Koha biblioitemnumber | 178172 |
| Код за отписване | Код за изгубен артикул | Код за повреда | Коз за рестрикции | Код за отдаване | Артикулен № | Име на библиотеката - собственик | Име на библиотеката, в която се намира в момента | Статус (Текущо местоположение) | Дата на вписване в системата | Местоположение - отдел | Цена в лева | Инвентарен номер | Систематично азбучна сигнатура | Баркод | Номер на екземпляра | Цена в евро | Служебна бележка | Служебен тип на артикула | Източник на класификационната схема |
|---|---|---|---|---|---|---|---|---|---|---|---|---|---|---|---|---|---|---|---|
| Не е изгубен | Не е повреден | без рестрикции | ползва се в читалня | 306075 | Регионална библиотека "Любен Каравелов" Русе | Регионална библиотека "Любен Каравелов" Русе | Хранилище | 2016-03-08 | Хранилище | 21.00 | 120000798567 | Цб 279785 | 120000798567 | 1 | 10.74 | Дост: Dp Вид: Д N: 6 Дата: 26.01.2016 | Книги | ||
| Не е изгубен | Не е повреден | без рестрикции | заемане за дома | 306076 | Регионална библиотека "Любен Каравелов" Русе | Регионална библиотека "Любен Каравелов" Русе | Заемна - подръчен фонд | 2016-05-31 | Заемна - подръчен фонд | 21.00 | 120000800573 | 94(497)/П 86 | 120000800573 | 2 | 10.74 | Дост: Pk Вид: Ф N: 461 Дата: 30.05.2016 Дата инв: 07.02.2018 Бележки инв: П2018 | Книги | Universal Decimal Classification |